Bước đầu tìm hiểu chùa Tây phương và các lễ hội ở xã Thạch Xá

Khái quát về xã Thạch Xá, chùa Tây Phương, lễ hội...

Bewaard in:
Bibliografische gegevens
Hoofdauteur: Nguyễn. Thị Tố Nga (Tác giả)
Andere auteurs: Trần thị Hòa GVC (Người hướng dẫn)
Formaat: Boek
Taal:Vietnamese
Gepubliceerd in: Hà Nội ĐH Sư phạm Hà Nội 2001
Reeks:Khóa luận tốt nghiệp. Chuyên ngành: Lịch sử Việt Nam cổ - trung đại
Onderwerpen:
Tags: Voeg label toe
Geen labels, Wees de eerste die dit record labelt!
Thư viện lưu trữ: Mạng thư viện Đại học Đà Nẵng
LEADER 01360nam a2200349 4500
001 000012707
003 9019
005 20120228070242.0
008 120227s2001 viesd
041 |a vie 
072 |a Khóa luận tốt nghiệp 
082 |a 959.732  |b NG-N 
100 |a Nguyễn. Thị Tố Nga  |e Tác giả 
245 |a Bước đầu tìm hiểu chùa Tây phương và các lễ hội ở xã Thạch Xá  |c Nguyễn. Thị Tố Nga 
260 |a Hà Nội  |b ĐH Sư phạm Hà Nội  |c 2001 
300 |a 54 tr  |c 29 cm 
490 |a Khóa luận tốt nghiệp. Chuyên ngành: Lịch sử Việt Nam cổ - trung đại 
500 |a Khoa Lịch sử 
520 |a Khái quát về xã Thạch Xá, chùa Tây Phương, lễ hội... 
653 |a Chùa Tây Phương 
653 |a Thạch Xá 
700 |a Trần thị Hòa  |c GVC  |e Người hướng dẫn 
OWN |a LSP 
AVA |a UDN50  |b LSP  |d 959.732 NG-N  |e available  |t Error 5001 Not defined in file expand_doc_bib_avail.  |f 1  |g 0  |h N  |i 0  |k 1 
999 |a From the UDN01 
AVA |a UDN50  |b LSP  |d 959.732 NG-N  |e available  |t Error 5001 Not defined in file expand_doc_bib_avail.  |f 1  |g 0  |h N  |i 0  |k 1 
TYP |a Monograph 
TYP |a Printed language 
980 |a Mạng thư viện Đại học Đà Nẵng